Los salvadoreños evalúan la situación social y política del año 2001

Αποθηκεύτηκε σε:
Λεπτομέρειες βιβλιογραφικής εγγραφής
Μορφή: Κείμενο
Ετικέτες: Προσθήκη ετικέτας
Δεν υπάρχουν, Καταχωρήστε ετικέτα πρώτοι!

MARC

LEADER 00000 a a2200000 04500
001 6549
003
040
245 |a Los salvadoreños evalúan la situación social y política del año 2001  
773 |g volumen 22, número 980; páginas 10-12  
999 |c 21918  |d 21918